000 01370 a2200217 4500
001 3068
005 20260407155424.0
008 260407a2011 arg spa d
003 AR-UNSa-BCEJYS
040 _aAR-UNSa-BCEJYS
_bspa
_cAR-UNSa-BCEJYS
080 _a336.226.111
_xImpuestos sobre ingresos totales (Ingresos brutos - Convenio Multilateral)
245 1 0 _aConvenio multilateral, Impuestos internos, Monotributo
_pExplicados y comentados
020 _a978-987-01-1144-3
264 1 _aBuenos Aires :
_bErrepar
_c2011
300 _a124 p.
_c27 cm.
505 _aCONVENIO MULTILATERAL: 1. Introducción - 2. Ámbito de aplicación del convenio multilateral - 3. Régimen general - 4. Regímenes especiales - 5. Iniciación y cese de actividades - 6. Organismos de aplicación - IMPUESTOS INTERNOS: 1. Aspetos generales - 2. Hecho imponible - 3. Exenciones - 4. Liquidación de Impuestos - 5. Pago del Impuesto - 6. Alícuotas - MONOTRIBUTO: 1. Antecedentes - 2. Características generales - 3. Liquidación de gravamen - 4. Abandono del régimen simplificado - 5. Interrelación con otras normas impositiva
942 _cBK
590 _aniveau_biblio:m niveau_hierar:0
100 1 _aCeldeiro, Ernesto Carlos
856 4 1 _uhttps://biblioeco.unsa.edu.ar/pmb/images/libros/Convenio Multilateral Impuestos Internos Monotributo-l118114.jpg
_yImagen de portada
_qimage/jpeg
999 _c279
_d279